000 02313nam0a2200349 i 4500
001 RU\NLR\BIBL_A\011367904
005 20260408083714.0
010 _a9785990947849
_9300
021 _aRU
_b2017-18799
_91386
035 _a(RuMoRGB)008825803
035 _a(NLR Aleph) 011367904
090 _a11334230
_c11334230
100 _a20170414d2017 km y0rusy50 ca
101 0 _arus
102 _aRU
105 _aa|||z|||000zy
200 1 _aУгрозы экономической безопасности современной России: опыт и последствия
_eколлективная монография
_f[д.э.н., проф. Алексеев А.Н., к.э.н., доц. Абалакин А.А., д.э.н., проф. Блау С.Л. и др.]
_gпод научной редакцией Романовой Ю.А.
_gФедеральное государственное образовательное бюджетное учреждение высшего образования "Финансовый университет при Правительстве Российской Федерации" (Финансовый университет)
210 _aМосква
_cНаучный консультант
_d2017
215 _a173 с.
_cил.
_d21
300 _aАвт. указаны на обороте тит. л.
320 _aБиблиогр.: с. 168-173 (94 назв.)
606 1 _aЭкономическая безопасность
_yРоссийская Федерация
_92085187
_3RU\NLR\AUTH\661261300
686 1 _aУ9(2)-971(2Р)
701 1 _8rus
_7ca
_aАлексеев
_bА. Н.
_cд-р экон. наук, менеджмент
_f1983-
_gАлександр Николаевич
_3RU\NLR\AUTH\7796343
_979269
701 1 _aАбалакин
_bА. А.
_gАлександр Алексеевич
701 1 _aБлау
_bС. Л.
_gСветлана Леонидовна
702 1 _4340
_8rus
_7ca
_aРоманова
_bЮ. А.
_cд-р экон. наук
_gЮлия Александровна
_3RU\NLR\AUTH\77101541
_984467
712 0 2 _4570
_aФинансовый университет при Правительстве Российской Федерации
_cМосква
_3RU\NLR\AUTH\8810171129
_9838093
942 _cBOOK
980 _aNBR